Kozier & Erb's fundamentals of nursing: (Record no. 180469)

MARC details
000 -LEADER
fixed length control field 00770nam a22002297a 4500
005 - DATE AND TIME OF LATEST TRANSACTION
control field 20230406114711.0
010 ## - LCCN (DPL NO)
LC control number ENG-129733
020 ## - INTERNATIONAL STANDARD BOOK NUMBER
International Standard Book Number 9789353949273
Terms of availability 1999.00
035 ## - SYSTEM CONTROL NUMBER
System control number EN-113265
037 ## - SOURCE OF ACQUISITION
Source of stock number/acquisition DBAD/PUB
082 ## - DEWEY DECIMAL CLASSIFICATION NUMBER
Classification number 610.73
100 ## - MAIN ENTRY--PERSONAL NAME
Personal name Berman, Audrey
245 ## - TITLE STATEMENT
Title Kozier & Erb's fundamentals of nursing:
Remainder of title concepts, process and practice /
Statement of responsibility, etc by Audrey Berman, Shirlee J. Snyder [and] Geralyn Frandsen
250 ## - EDITION STATEMENT
Edition statement 11th ed.
260 ## - PUBLICATION, DISTRIBUTION, ETC. (IMPRINT)
Place of publication, distribution, etc Noida
Name of publisher, distributor, etc Pearson
Date of publication, distribution, etc 2021
270 ## - ADDRESS
Address 15th Floor, Tower-B, World Trade Tower, Plot No.1, Block-C, Sector-16
City Noida
Postal code 201301
300 ## - PHYSICAL DESCRIPTION
Extent 1533p.:
Other physical details ill.
Dimensions 28cm(pbk)
500 ## - GENERAL NOTE
General note include index
700 ## - ADDED ENTRY--PERSONAL NAME
Personal name Snyder, Shirlee J.
700 ## - ADDED ENTRY--PERSONAL NAME
Personal name Frandsen, Geralyn
942 ## - ADDED ENTRY ELEMENTS (KOHA)
Source of classification or shelving scheme Dewey Decimal Classification
Item type English Books
Classification part 610.73
Call number suffix BER
Holdings
Withdrawn status Lost status Not for loan Collection code Home library Current library Date acquired Source of acquisition Cost, normal purchase price Full call number Barcode Copy number Cost, replacement price Koha item type
      Reference Central Library Central Library 10/08/2021 DBAD/PUB 1999.00 610.73 BER EN-113265 1 1999.00 English Books

© Delhi Public Library
Hit Counter
free hit counter